000 01000 a2200253 4500
003 NLI
005 20240816114138.0
008 240607s2023 ii ||||| |||| 00| 0 eng
020 _a9789355016904
_cRs 540.00
_qpbk
040 _aNLI
_beng
_cEnglish Processing Division
082 _223rd ed.
_aE 004
_bT 543 (class IX)
100 _aTiwari, Sharad
_91287584
245 _aS. Chand's textbook of Information technology code 402 class IX /
_cSharad Tiwari, Deepak Bhargava, Darshna Rathore
260 _aNoida:
_bS Chand School Books,
_c2023.
300 _a436 p.;
_c24 cm.
500 _aIt includes Part A: Employability skills Part B: Subject-specific skills Based on LibreOffice MS Office OpenOffice
650 _aInformation technology
_91556428
650 _aComputer software
_xDevelopment
_91556429
700 _aBhargava, Deepak
_ejt.auth.
_91534142
700 _a Rathore, Darshna
_ejt.auth.
_91534143
887 _aPriyanka Banik(Int.)
887 _aSomnath Panja
942 _2ddc
_cBKS
999 _c1617455
_d1617450